000 00304nam a22001217a 4500
008 170601b xxu||||| |||| 00| 0 eng d
041 _aeng
080 _25 ED
_a94
100 _a17
101 _aSHH
245 _aUNFINISHED NATION A CONCISE HISTORY AMERICAN PEOPLE
_cBRINKLEY.A
942 _2udc
_cBK
999 _c15334
_d15334